[Event "Plancoet op-A 10th"]
[Site "Plancoet"]
[Date "2013.08.01"]
[Round "7"]
[White "Bailet, Pierre"]
[Black "Tugui, Adrian"]
[Result "0-1"]
[WhiteElo "2474"]
[BlackElo "2387"]
[Annotator "RR"]
[PlyCount "72"]
[EventDate "2013.07.28"]
[EventType "swiss"]
[EventRounds "9"]
[EventCountry "FRA"]
[SourceTitle "EXT 2017"]
[Source "ChessBase"]
[SourceDate "2016.10.25"]
[SourceVersion "1"]
[SourceVersionDate "2016.10.25"]
[SourceQuality "1"]
[TimeControl "40/5400+30:1800+30"]

1. e4 c5 2. Nf3 d6 3. d4 cxd4 4. Nxd4 Nf6 5. Nc3 a6 6. Bg5 e6 7. f4 Nbd7 8. Qf3
Qc7 9. O-O-O b5 (9... Be7 {La grande ligne} 10. g4) 10. Bd3 Bb7 11. Rhe1 O-O-O
(11... Qb6) (11... Be7) 12. Kb1 (12. f5 e5 13. Nb3 Be7 14. a4 Nxe4 15. Bxe4
Bxg5+ 16. Kb1 Nf6 17. Bxb7+ Qxb7 18. Nd5 e4 19. Qc3+ Kb8 20. Nb4 Ka8 21. axb5
Qxb5 22. Nd4 Qb6 23. Qa3 Rd7 24. Nb3 d5 25. g3 h5 26. h4 Bh6 27. Rd4 Rc8 28.
Qxa6+ Qxa6 29. Nxa6 Rc4 30. c3 Rxd4 31. Nxd4 Bd2 32. Re2 e3 33. Nc5 Rc7 34.
Ndb3 Ka7 35. Kc2 Kb6 {1/2-1/2 (35) Maslak,K (2541)-Van Wely,L (2625) Moscow
2009}) 12... Kb8 13. f5 b4 $146 (13... e5 14. Nb3 Be7 15. Bxf6 Nxf6 16. a4 bxa4
17. Nxa4 d5 18. exd5 Nxd5 19. Be4 Nb4 20. Nc3 Rxd1+ 21. Rxd1 Rd8 22. Rxd8+ Bxd8
23. Bxb7 Qxb7 24. Qg4 Nd5 25. Qxg7 Nxc3+ 26. bxc3 e4 27. Qe5+ Ka7 28. c4 Qc6
29. g4 Qxc4 30. Nd2 Qb4+ 31. Nb3 Bb6 32. f6 a5 33. Qe7+ Ka6 34. Qxf7 a4 35. Qe7
Qe1+ 36. Nc1 Be3 37. Qa3 Bxc1 38. Qxc1 Qb4+ 39. Qb2 Qc4 40. Qe5 Qb4+ 41. Ka2
Qc4+ 42. Ka3 Qxc2 43. Qe6+ {Vasquez Schroder,R (2522)-Velasquez Ojeda,C (2282)
Santiago de Chile 2007 1-0}) 14. Nce2 e5 15. Nb3 a5 $1 16. Ng3 a4 $132 17. Nd2
Nb6 18. Nh5 Be7 19. Nxf6 gxf6 20. Be3 d5 $36 21. Bxb6 $6 Qxb6 22. exd5 Bc5 (
22... Bxd5 $142 23. Be4) 23. Be4 Bd4 24. d6 Ba6 25. d7 (25. Bc6 $142 Rxd6 26.
Bxa4 Rhd8 27. Ne4 {[%csl Ge4]}) 25... Rxd7 26. Bc6 Ra7 $1 27. Bxa4 Bb7 $19 28.
Qb3 Qa5 (28... Qa6 $142 29. Bd7 Bxg2 30. Qxf7 Bc6) 29. Bd7 Bd5 30. c4 Bxg2 31.
Re2 Rg8 32. Bb5 Bh3 33. a4 $2 bxa3 34. c5 Bxf5+ 35. Bd3+ Rb7 36. Nc4 Rxb3 0-1

[Event "ESP-chT CECLUB Honor"]
[Site "Melilla"]
[Date "2011.11.22"]
[Round "2"]
[White "Naiditsch, Arkadij"]
[Black "Vachier Lagrave, Maxime"]
[Result "0-1"]
[WhiteElo "2712"]
[BlackElo "2710"]
[Annotator "RR"]
[PlyCount "78"]
[EventDate "2011.11.21"]
[EventType "team-tourn"]
[EventRounds "7"]
[EventCountry "ESP"]
[SourceTitle "CBM 146"]
[Source "ChessBase"]
[SourceDate "2012.01.18"]
[SourceVersion "1"]
[SourceVersionDate "2012.01.18"]
[SourceQuality "1"]
[WhiteTeam "Colegio Marcote EIKM"]
[BlackTeam "Sestao"]
[WhiteTeamCountry "ESP"]
[BlackTeamCountry "ESP"]

1. e4 c5 2. Nf3 d6 3. d4 cxd4 4. Nxd4 Nf6 5. Nc3 a6 6. Bg5 e6 7. f4 h6 8. Bh4
Qb6 9. a3 Be7 10. Bf2 Qc7 11. Qf3 Nc6 12. O-O-O Bd7 13. Be2 Rc8 14. g4 Nxd4 15.
Rxd4 Bc6 16. g5 hxg5 17. fxg5 Nd7 18. Qg3 Nc5 19. Bf3 Na4 20. Nxa4 Bxa4 21. c3
Bd7 22. g6 f6 23. h4 e5 24. Rd5 Qc4 25. h5 $6 (25. Kb1 Rf8 26. Rhd1 $15) 25...
Qa2 $19 26. Be1 Qa1+ 27. Kc2 Ba4+ 28. Kd3 Qxb2 29. Qg2 Bb5+ 30. Ke3 Rxc3+ 31.
Bxc3 Qxc3+ 32. Kf2 Bc6 33. Rdd1 d5 34. exd5 Bc5+ 35. Kg3 e4 36. dxc6 Qe5+ 37.
Kg4 exf3 38. Qd2 $2 (38. Qc2 Qg5+ 39. Kxf3 $11) 38... f5+ $19 39. Kxf3 Qe4+ 0-1

[Event "EU-chT (Men) 18th"]
[Site "Porto Carras"]
[Date "2011.11.05"]
[Round "3.3"]
[White "Firat, Burak"]
[Black "Kovacevic, Aleksandar"]
[Result "0-1"]
[WhiteElo "2393"]
[BlackElo "2563"]
[Annotator "RR"]
[PlyCount "68"]
[EventDate "2011.11.03"]
[EventType "team-swiss"]
[EventRounds "9"]
[EventCountry "GRE"]
[SourceTitle "CBM 146"]
[Source "ChessBase"]
[SourceDate "2012.01.18"]
[SourceVersion "1"]
[SourceVersionDate "2012.01.18"]
[SourceQuality "1"]
[WhiteTeam "Turkey"]
[BlackTeam "Serbia"]
[WhiteTeamCountry "TUR"]
[BlackTeamCountry "SRB"]

1. e4 c5 2. Nf3 d6 3. d4 cxd4 4. Nxd4 Nf6 5. Nc3 a6 6. Bg5 e6 7. f4 h6 8. Bh4
Qb6 9. a3 Be7 10. Bf2 Qc7 11. Qe2 Nc6 12. Nxc6 bxc6 13. Qf3 Rb8 14. Bc4 O-O 15.
O-O d5 16. Bb3 c5 17. exd5 c4 18. Ba4 Rxb2 19. dxe6 Bxe6 20. f5 Bc8 21. Kh1 Bc5
22. Nd5 Nxd5 23. Qxd5 Bxf2 24. Rxf2 Rd8 25. Qe4 Qc5 26. Rf4 Qxa3 27. Rff1 Qc5
28. f6 Bb7 29. Qe7 $2 (29. Qe2 Rb6 30. fxg7) {[%tqu "En","","","","b7g2","",10]
} 29... Bxg2+ $1 $19 30. Kxg2 Rd2+ 31. Kf3 Qh5+ 32. Kf4 Qg5+ 33. Kf3 Qg2+ 34.
Ke3 Qe2+ 0-1

[Event "Hoogovens"]
[Site "Wijk aan Zee"]
[Date "1998.01.20"]
[Round "4"]
[White "Topalov, Veselin"]
[Black "Salov, Valery"]
[Result "1-0"]
[WhiteElo "2740"]
[BlackElo "2680"]
[Annotator "Salov,V"]
[PlyCount "113"]
[EventDate "1998.01.16"]
[EventType "tourn"]
[EventRounds "13"]
[EventCountry "NED"]
[EventCategory "17"]
[SourceTitle "CBM 063"]
[Source "ChessBase"]
[SourceDate "1998.03.26"]
[SourceVersion "1"]
[SourceVersionDate "1998.03.26"]
[SourceQuality "1"]

1. e4 {Ftacnik Tyomkin,D} c5 2. Nf3 d6 3. d4 cxd4 4. Nxd4 Nf6 5. Nc3 a6 6. Bg5
e6 7. f4 Bd7 8. f5 $1 $146 (8. Qe2 h6 9. Bh4 Be7 10. O-O-O Nc6 11. Nf3 Qa5 $132
{Groszpeter-Adorjan, Hungary 1996}) (8. e5 dxe5 9. fxe5 Qa5 10. Qe2 Bb4 $132) (
8. Nf3 $5) (8. Qf3 {Ftacnik} Nc6 9. O-O-O Nxd4 (9... Qa5 10. Bxf6 gxf6 11. f5
Nxd4 12. Rxd4 Qe5 13. Rd1 O-O-O 14. Bc4 h5 15. g3 h4 16. g4 Bc6 17. h3 Kb8 18.
Rhf1 Bh6+ 19. Kb1 Bg5 20. Rfe1 Rhe8 21. Qf2 Qa5 22. Rd3 Qc7 23. Bb3 $13 {
1/2-1/2 Hyldkrog,L-Kristensen,K/Copenhagen op 1993}) 10. Rxd4 Bc6 11. f5 Qa5
12. Bxf6 (12. Be2 Be7 13. Bd2 Qe5 14. Rc4 O-O 15. Bf4 Qa5 16. Qg3 Bb5 17. Bh6
Ne8 18. e5 exf5 19. Nd5 Qd8 20. Nc7 Bh4 21. Rxh4 Qxc7 $17 {0-1 Nunn,J-Lennox,C/
BCF-ch 1974/ (29)}) 12... gxf6 13. fxe6 Qg5+ 14. Kb1 fxe6 15. Bc4 Qe5 16. Rhd1
O-O-O 17. Ne2 f5 18. Qb3 Re8 19. Nc3 fxe4 20. Bxa6 d5 21. Bb5 Bc5 22. Ra4 Kc7
$17 {0-1 Alexander,C-Larsen,B/Hastings5657 1956 (40)}) 8... Be7 (8... b5 {
Tyomkin,D Tyomkin,D} 9. Qf3 Be7 10. O-O-O e5 11. Nb3 Bc6 (11... Nc6 $2 12. Bxf6
) 12. Bxf6 Bxf6 13. g4 $36 O-O 14. Kb1 h6 15. a3 Be7 16. Be2 Ra7 17. Qf2 Rb7
18. h4 b4 19. axb4 Rxb4 20. g5 Nd7 21. f6 $18 {Shabalov,A-Dao Thien Hai/Donner
mem op 1996/1-0 (50)}) 9. fxe6 (9. Bc4 $5 $14) 9... fxe6 10. Bc4 {Ftacnik: The
central idea of this less played line is white attempt to attack the
vulnerable e6 square.} Qc8 11. Bb3 $6 (11. Qe2 $1 Nc6 12. Nxc6 Qxc6 13. O-O-O
$14) 11... Nc6 12. Nxc6 Qxc6 (12... bxc6 $5 {Tyomkin,D} 13. Bxf6 gxf6 14. Qh5+
$36) (12... Bxc6 {Ftacnik} 13. Bxf6 gxf6 14. Qh5+ $14) 13. Qd3 Qc5 $1 14. Be3
Qh5 $1 $11 15. Bf4 Rd8 (15... Qc5 $6 {Ftacnik} 16. O-O-O $16) 16. O-O (16. Bxd6
$2 {Ftacnik} Bc6 17. e5 Ng4 $1 $17) 16... O-O (16... Qc5+ {[%cal Gc5d6]
Tyomkin,D} 17. Be3 Qc6 $14 (17... Qc7 18. Na4 $16)) 17. h3 (17. Bxd6 $5 Bc8 (
17... Ng4 18. h3 (18. Qg3 Bh4 19. Rxf8+ Rxf8 20. Qh3 Bf2+ 21. Kh1 Be1 $1) 18...
Ne5 19. Rxf8+ Bxf8 20. Qd1 $16) 18. Bxe7 (18. e5 {Tyomkin,D} Bxd6 19. exd6 Qc5+
(19... Ng4 $15) 20. Kh1 Qxd6 (20... Ng4 21. Ne4 Qe5 22. g3 b5 23. Kg1 $1 Bb7
24. Rfe1 $16) (20... Rxd6 21. Ne4 Rxd3 22. Nxc5 $16 {[%csl Re6]}) 21. Qe2 Kh8
$14) 18... Rxd3 19. cxd3 Re8 (19... Rf7 20. Bd6 $44 (20. Bxf6 {Ftacnik} gxf6
21. d4 $15)) 20. Bxf6 gxf6 21. Rxf6 Qc5+ 22. Kh1 Rf8 23. Rxf8+ Qxf8 24. d4 Qf2
$132) 17... Kh8 18. Rad1 (18. Bxd6 Bxd6 (18... Bc8 {Ftacnik} 19. Bxe7 Rxd3 20.
cxd3 Rf7 $15) 19. Qxd6 Bb5 20. Rxf6 gxf6 21. Qxe6 Bd7 (21... Qg5 $11) 22. Qd5
Qg6 $132) 18... Bc8 (18... d5 $5 19. exd5 exd5 20. Qe3 $1 Rfe8 $1 21. Nxd5 Bb5
$1 22. g4 (22. Nxf6 Bxf6 23. Rxd8 Rxd8 $11) 22... Nxg4 23. hxg4 Qxg4+ 24. Qg3
Bc5+ $13) 19. Qg3 {Tyomkin: Black central pawns are under pressure Ftacnik:
White plays rather pointedly against d6 pawn, but so far black was defending
quite successfully.} Qc5+ (19... Qa5 $5 {Ftacnik} 20. Be3 (20. Kh1 Nh5 $1)) 20.
Be3 Qc6 $1 21. e5 $1 dxe5 (21... Ne4 $2 {Ftacnik} 22. Nxe4 Qxe4 23. Bb6 $16)
22. Qxe5 Bd6 $4 (22... b5 23. Rxd8 (23. Ne2 $140 $2 Bb7 24. Nf4 Nd7 {[%cal
Rf8f4]}) 23... Rxd8 (23... Bxd8 24. a4 $5) 24. a3 $1 (24. Ne2 $2 Bb7 (24... Qe4
{Tyomkin,D}) 25. Nf4 g5 $1 $17 (25... Bd6 26. Qg5)) 24... Bd6 (24... Bb7 {
Ftacnik} 25. Rf2 $14) 25. Qg5 h6 26. Qg6 Bc5 $11) 23. Rxd6 $1 {Ftacnik: Neat
combination that combines several motives, among them the vulnerability of the
8th rank.} Rxd6 (23... Qxd6 24. Qxd6 Rxd6 25. Bc5 Rdd8 (25... Rfd8 {Tyomkin,D}
26. Bxd6 Rxd6 27. Ne4) 26. Bxf8 Rxf8 27. Ne4 $1 $16) 24. Ne4 Rd5 (24... Rd7 25.
Nxf6 (25. Rxf6 $4 {Tyomkin,D} Rd1+ 26. Kh2 gxf6 27. Nxf6 Qd6) (25. Bd4 {
Tyomkin,D} Qc7) 25... Rdf7 (25... gxf6 26. Rxf6 Rxf6 27. Qxf6+ Kg8 28. Bxe6+
$18) 26. Bc5 (26. Bg5 $2 {Tyomkin,D} Qb5) 26... gxf6 27. Rxf6 Qxc5+ (27... Rxf6
{Tyomkin,D} 28. Bxf8 $18 (28. Bxf8 Qb6+ 29. Bc5 Qd8 30. Bd4 $18)) 28. Qxc5 Rxf6
29. Qe5 $16 (29. Bc4 $16 {Ftacnik})) (24... Rdd8 {Tyomkin,D} 25. Nxf6 gxf6 26.
Rxf6 Kg8 27. Qg5+ {with mate}) 25. Bxd5 Qxd5 (25... exd5 26. Nd6 (26. Nxf6 {
Tyomkin,D} gxf6 (26... Rxf6 27. Rxf6 gxf6 28. Qe7 $18) 27. Qf4 {[%csl Rf6]
[%cal Re3d4]} (27. Qd4 $16 {Ftacnik}) 27... Qxc2 28. Qd6 Kg8 29. Bh6 $18) 26...
Kg8 27. Bg5 $18) 26. Bd4 Qxe5 (26... Bd7 $5 27. Nxf6 (27. Rf4 {Ftacnik} Bc6 28.
Qxd5 Bxd5 29. Nxf6 gxf6 30. Bxf6+ Kg8 31. b3 $16) 27... Qxe5 28. Bxe5 gxf6 29.
Bxf6+ Kg8 $16) 27. Bxe5 Bd7 {Ftacnik: Black hopes to save himself in an
endgame with active bishop.} (27... Nd7 {Tyomkin,D} 28. Rxf8+ Nxf8 29. Nd6 Bd7
(29... Ng6 30. Bxg7+ Kxg7 31. Nxc8 $18) 30. Nxb7 Bc6 31. Nc5 $18) 28. Bxf6 gxf6
29. Rxf6 $1 Rxf6 (29... Rc8 {Ftacnik} 30. Nd6 $18) 30. Nxf6 {Tyomkin: This is
not a big deal to win in this ending on this level.} Bc6 31. Kf2 Kg7 32. Ng4
Be4 33. c3 $16 (33. c4 {Ftacnik} h5 34. Ne5 Kf6) 33... h5 34. Ne5 (34. Ne3 {
Ftacnik} Kf6 35. g4 $16) 34... Kf6 35. Nd7+ Kf5 (35... Ke7 {Ftacnik} 36. Nc5
Bd5 37. b3 Kd6 38. Nd3 e5 39. g4 $16) 36. b4 Bc6 37. Nc5 Ke5 38. g3 Kd5 39. Ke3
Kc4 40. Ne4 (40. Kd2 {Ftacnik} Bg2 41. Nxe6 Bxh3 42. Nf4 Bg4 43. Ng2 $16) 40...
e5 {Ftacnik: Black can not afford to trade into the pawn endgame, but the
fight is not over. Pawn structure c3-b4 is quite exposed, Salov hopes to
exchange all pawns.} (40... Bxe4 $2 {Ftacnik} 41. Kxe4 Kxc3 42. g4 hxg4 43.
hxg4 $18) 41. g4 (41. h4 $5) (41. Nf6 $2 {Tyomkin,D} Kxc3 42. Nxh5 Kxb4 (42...
Bd5 43. a3) 43. Nf6 Kc5 44. h4 Kd6 {[%cal Gd6e6]}) 41... h4 (41... hxg4 42.
hxg4 Kd5 43. Nc5 $1 (43. g5 Ke6 44. g6 b5 $1 $14) 43... Kc4 44. Kd2 e4 45. g5
e3+ 46. Kxe3 Kxc3 47. a3 Kb2 48. g6 Kxa3 49. g7 Bd5 50. Kd4 Bg8 $1 (50... Bf7
51. Kc3 Bg8 52. Nxb7 Ka4 53. Nd6 $18) 51. Kc3 Bf7 52. Nxb7 Ka4 53. Nd6 Bg8 54.
Nf5 Kb5 55. Nh6 Bh7 (55... Ba2 56. Kd4 $18) 56. Kb3 $1 a5 (56... Kb6 57. Ng4 $1
Bg8+ 58. Ka4 $18) 57. bxa5 Kxa5 58. Kc4 Kb6 59. Kd5 Kc7 60. Ke6 Kd8 61. Kf7 Kd7
62. Ng4 Kd6 63. Nf6 Bd3 64. Kf8 Bc4 65. Ng4 $18) 42. g5 Bd7 43. g6 Bxh3 44. Ng5
Bg2 45. Nf3 Bh3 (45... Bxf3 {Ftacnik} 46. Kxf3 h3 47. g7 $18) 46. Kd2 Be6 (
46... e4 {Ftacnik} 47. Ng5 e3+ 48. Kxe3 Bg2 49. Nf3 Bh3 50. Kd2 $18) 47. Nxh4
Kb5 (47... e4 48. Ng2 (48. g7 $2 e3+ 49. Kxe3 Kxc3) 48... Kb5 49. a3 (49. Ne3
$18 {Tyomkin,D} Bxa2 $140 50. c4+) 49... Ka4 50. Nf4 Bg8 51. Ke3 $18) 48. Nf3
Bxa2 (48... e4 $2 {Ftacnik} 49. Nd4+ $18) 49. Nxe5 Be6 (49... a5 {Ftacnik} 50.
c4+ $18) 50. Kc2 a5 (50... b6 51. Kb2 Ka4 (51... a5 52. Ka3 $18) 52. Nc6 a5 53.
bxa5 bxa5 54. g7 Bc4 55. Ne7 Kb5 56. g8=Q Bxg8 57. Nxg8 Kc4 58. Nf6 $18) 51.
bxa5 Kxa5 52. g7 Kb5 (52... b5 53. Kd3 Ka4 54. Kd4 $18 (54. Nc6 {Ftacnik} Bf7
55. Ne7 b4 56. c4 b3)) 53. Kd3 (53. Ng6 {Ftacnik} Kc4 54. Ne7 b5) 53... Ka5 (
53... Kc5 54. Nd7+ $18) (53... Ka4 {Ftacnik} 54. Nd7 $1 Bf7 (54... Ka3 55. Nc5
Bg8 56. Nxb7 $18) 55. Nc5+ Kb5 56. Nxb7 $18) 54. Kd4 b6 (54... b5 {Ftacnik} 55.
Kc5 Ka4 56. Nc6 Bf7 57. Nd4 $18) 55. Nc6+ Ka4 56. Ne7 b5 57. g8=Q (57. g8=Q {
Tyomkin,D} Bxg8 58. Nxg8 b4 59. c4 b3 60. Nf6 (60. Ne7 $144) 60... b2 61. Ne4 (
61. Nd5 $144) 61... b1=N 62. Nc3+ Nxc3 63. Kxc3 Ka5 64. Kd4 Kb6 65. Kd5 Kc7 66.
Kc5 $18) 1-0

[Event "London Classic 7th"]
[Site "London"]
[Date "2015.12.07"]
[Round "4"]
[White "Grischuk, Alexander"]
[Black "Vachier Lagrave, Maxime"]
[Result "1/2-1/2"]
[WhiteElo "2750"]
[BlackElo "2765"]
[Annotator "Szabo,Kr"]
[PlyCount "85"]
[EventDate "2015.12.04"]
[EventType "tourn"]
[EventRounds "9"]
[EventCountry "ENG"]
[EventCategory "22"]
[SourceTitle "CBM 170"]
[Source "ChessBase"]
[SourceDate "2016.01.15"]
[SourceVersion "1"]
[SourceVersionDate "2016.01.15"]
[SourceQuality "1"]

1. e4 c5 2. Nf3 d6 3. d4 cxd4 4. Nxd4 Nf6 5. Nc3 a6 6. Bg5 e6 7. f4 h6 8. Bh4
Qb6 9. a3 (9. Qd2 {is the other main line.}) 9... Be7 10. Bf2 {Important,
otherwise ...Nxe4!} Qc7 ({Of course} 10... Qxb2 $4 {does not work, because of}
11. Na4 $18 {and the queen is trapped.}) 11. Qf3 b5 12. g4 Nc6 (12... Nbd7 {
is the alternative continuation.}) 13. O-O-O $146 {A logical novelty by
Grischuk.} (13. Nxc6 Qxc6 14. O-O-O Bb7 15. Bd3 Nd7 16. h4 Nc5 (16... Bf6 $5)
17. g5 Nxd3+ 18. Qxd3 Qc4 19. Qf3 Rc8 $13 {Sherwood-Klimakovs, Lechenicher
SchachServer 2011, with an unclear middlegame.}) 13... Bb7 14. h4 d5 $1 {
The right reply! As the principle says, if your opponent attacks on the
kingside, you should search forcounterplay in the centre!} 15. e5 ({In the
event of} 15. exd5 Nxd4 $1 16. Bxd4 Nxd5 17. Bxg7 Nxc3 $1 18. Qxc3 Qxc3 (18...
Qxf4+ $5 19. Kb1 Bxh1 (19... Rc8 {could have been met by} 20. Bxb5+ $1 axb5 21.
Qd3 $1 Qc7 22. Bxh8 Bxh1 23. Rxh1 $14 {and White is a simple P up.}) 20. Bxh8
Bb7 $132 {with a double-edged fight.}) 19. Bxc3 Bxh1 20. Bxh8 Bf3 21. Rd2 Bxg4
22. Bg2 Rd8 $11 {and Black equalised without any problem.}) 15... Ne4 16. Nxe4
dxe4 17. Qc3 Rc8 18. Rh3 {The rook is very useful on the 3rd rank.} b4 19. axb4
Nxb4 ({If} 19... Bxb4 20. Qc4 O-O 21. Nxc6 Qxc6 22. Qxc6 Bxc6 23. Be1 {looks
more comfortable with White.}) 20. Qxc7 Rxc7 21. f5 O-O 22. Be1 Bd5 23. g5 $5 {
The most ambitious continuation.} Rfc8 ({The greedy} 23... hxg5 $2 {could have
been met by} 24. f6 $1 gxf6 25. exf6 $36 {with unpleasant pressure on the
kingside.}) ({The engine suggests} 23... Nd3+ $5 24. Bxd3 exd3 25. Rdxd3 hxg5
26. Ba5 Rb7 27. hxg5 exf5 (27... Bxg5+ $2 28. Bd2 $1) 28. Nxf5 Bxg5+ 29. Bd2
Be6 $1 30. Rhf3 Bxd2+ 31. Rxd2 Bxf5 32. Rxf5 $11 {with an equal rook endgame.})
24. Bxb4 Bxb4 25. f6 (25. fxe6 $5 {was also possible.}) 25... Kh7 (25... a5 $5
{is also an alternative.}) 26. c3 gxf6 27. gxf6 Rg8 28. Bxa6 Bc5 $44 {White is
a pawn up, but Black is active, his rook controls the g-file and his bishops
are also strong, so he has enough compensation for the pawn.} 29. Nb5 Rc6 30.
Bb7 Rb6 31. Bxd5 exd5 32. Nd4 Bxd4 33. cxd4 Rg2 {After some exchanges a rook
endgame endgame has been established. White has to give back the pawn.} 34. Rd2
Rxd2 35. Kxd2 Kg6 (35... Rxb2+ $11 {was also fine.}) 36. b3 Kf5 37. Rg3 Kf4 38.
Rg1 (38. Rg7 $2 {is too dangerous, because of} Kf3 $1 {and suddenly Black's
king is very active.}) 38... e3+ 39. Kd3 Rxb3+ 40. Kc2 Rb6 41. Kd3 Rb3+ 42. Kc2
Rb6 43. Kd3 1/2-1/2

[Event "Excelsior Cup"]
[Site "Gothenburg"]
[Date "1998.01.07"]
[Round "1"]
[White "Hartman, Christer"]
[Black "Svensson, Bengt"]
[Result "1-0"]
[WhiteElo "2345"]
[BlackElo "2390"]
[Annotator "Tyomkin,D"]
[PlyCount "137"]
[EventDate "1998.01.07"]
[EventType "tourn"]
[EventRounds "9"]
[EventCountry "SWE"]
[EventCategory "9"]
[SourceTitle "CBM 063"]
[Source "ChessBase"]
[SourceDate "1998.03.26"]
[SourceVersion "1"]
[SourceVersionDate "1998.03.26"]
[SourceQuality "1"]

1. e4 {Hecht} c5 2. Nf3 d6 3. d4 cxd4 4. Nxd4 Nf6 5. Nc3 a6 6. Bg5 e6 7. f4
Nbd7 8. Qf3 Qc7 9. O-O-O b5 10. Bd3 Bb7 11. Rhe1 O-O-O 12. a3 Be7 13. Qe2 (13.
Bh4 $5 {N} Kb8 14. Bf2 Nc5 15. Kb1 d5 16. e5 Nfe4 17. Bxe4 (17. Nce2 $5) 17...
Nxe4 (17... dxe4 18. Qe3 {/\ Rc1, b4!}) 18. Nxe4 dxe4 19. Qe3 Bd5 20. Ne2 b4 $1
21. axb4 Bxb4 22. c3 Be7 23. Qb6+ Qb7 24. Ng3 h5 25. Kc1 e3 26. Bxe3 h4 27. Ne2
Bxg2 28. Rxd8+ Rxd8 29. Qxb7+ Kxb7 30. Rd1 Rxd1+ 31. Kxd1 {=/+ Becerra Rivero,
J-van Wely,L/Matanzas 1994}) (13. Qg3 {Tyomkin,D} Nc5 14. Nf3 h6 15. Bxf6 Bxf6
16. e5 dxe5 17. fxe5 Be7 18. Bf1 g5 $15 {Krakops,M-Gurevich,V/Berliner Sommer
1993/1/2-1/2(34)}) (13. Qf1 Qb6 $146 {Kruppa,Y; Shneider,A} (13... h6 14. Bh4
g5 15. fxg5 hxg5 16. Bxg5 Rxh2 17. Bf4 Rh5 18. Bxb5 {Petrushin,A-Vitolinsh,A/
Daugavpils URS sf 1978/1-0(39)}) 14. Nf3 Rhe8 {/\ Ng4} (14... Nc5 $2 15. e5 $16
) 15. h3 Nc5 16. f5 exf5 $1 (16... e5 17. g4 {/\ Bd2, g5}) 17. exf5 d5 $10 {
Georgadze,T-Shneider,A/Lvov 1986/1-0(44)}) 13... Nc5 $2 $146 (13... h6 {Gelfand
} 14. Bh4 Nc5 15. Bf2 (15. Bxb5 $2 Nfxe4 16. Nxe4 Bxh4 $19) 15... d5 {Adams,
M-Gelfand,B/Wijk cm1 1994/1/2-1/2(45)} (15... Kb8 $5 $14) (15... Nxd3+ $142 16.
Rxd3 Kb8)) 14. Bxb5 $1 axb5 15. Ndxb5 Qb6 16. e5 $16 dxe5 17. fxe5 Nd5 (17...
Rxd1+ 18. Rxd1 Nd5 19. Bxe7 Nxe7 20. b4 $16) 18. Bxe7 Nxe7 19. b4 Kb8 (19...
Rxd1+ 20. Rxd1 Nd7 21. Na4 $18 Qa6 $140 22. Rxd7) (19... Nd7 20. Nd6+ Kb8 21.
Nxf7 $18) 20. bxc5 (20. Rd6 $5 Rxd6 (20... Bc6 21. bxc5 Qxc5 22. Na4 Qxb5 23.
Qxb5+ Bxb5 24. Rb6+ Kc7 25. Rxb5) 21. exd6 Nf5 22. bxc5 Qxc5 23. d7 {[%cal
Gc3a4]} Bc6 (23... Rd8 24. Na4 Qd5 25. c4 $18) 24. Qd2 Rd8 25. Qf4+ $18) 20...
Qxc5 21. Rxd8+ (21. Rd6 $1) 21... Rxd8 22. Qe3 Rc8 23. Kb2 Nf5 24. Qxc5 Rxc5
25. g3 h5 26. a4 {The game transfered to the ending where white is pawn up,and
good chances to win.} Bc6 27. Kb3 {[%cal Rb3b4]} Bxb5 28. Nxb5 {[#] Hecht: 
Taktisches Endspiel in dem nach Bauernreduzierung die schwarzen Figuren
eingekreist sind.} Rd5 29. Kc3 $6 (29. c4 $142 Rd2 30. a5 (30. c5 Kb7 $1 (30...
Rxh2 31. c6)) 30... Kb7 31. Kb4) 29... Rc5+ 30. Kb2 Rd5 31. Re2 Rd1 32. c4 Kb7
33. Kc2 Ra1 34. Kb3 Rb1+ 35. Kc3 Kb6 36. Nd6 Kc5 37. Ne4+ Kc6 38. Rb2 Re1 (
38... Rxb2 39. Kxb2 Ne3 {[%cal Ge3g4]} 40. Nd6 (40. Nd2 Ng4 41. Nf3 Kc5 42. Kc3
Ne3 43. Nd2 Ng4) 40... f6 41. Kb3 fxe5 42. Nf7 $16) 39. Ng5 Re3+ 40. Kb4 Nh6
41. Rf2 Ng4 42. Rxf7 Nxe5 43. Rxg7 Nd3+ 44. Kc3 Nc5+ 45. Kd4 Re2 46. Rg6 Rd2+
47. Ke3 Rxh2 48. Nxe6 $18 Nxa4 ({after} 48... Nxe6 {the rook's ending is
easily winning for white.}) 49. Rh6 Kd7 50. Nf4 Rc2 51. Nd3 (51. Kd4 Rd2+ 52.
Ke5 Rc2) 51... Rg2 52. Kf3 Rh2 53. Ra6 (53. c5 $18 {[%cal Gd3e5]}) 53... Nc3
54. Nf2 $2 (54. c5 $18) 54... Kc7 55. Ra3 Nb1 56. Rd3 {[%csl Rb1,Rh2] [#]
Hecht:  beide schwarzen Figuren stehen patt; doch kann keine abgeholt werden.}
Kc6 57. Ne4 (57. Ke2 {Hecht} Kc5 58. Kf1 (58. Rb3 Nd2) 58... Kxc4 59. Rd1 Nc3
60. Rd8 h4 61. g4 h3 62. Rh8 Kd4 $11) 57... h4 (57... Rc2 {Hecht} 58. c5 {
[%csl Rb1,Rh5]}) 58. Rd6+ Kc7 59. g4 Rc2 60. g5 Nc3 (60... Rxc4 61. Rd1 $1 $18
(61. g6 Nc3 $1 $11 62. Re6 (62. g7 Nxe4 63. Rg6 (63. g8=Q Nxd6 $11) 63... Nf6
$1 64. Rxf6 Rc3+ 65. Kf4 Rg3 66. Rf7+ Kd6 $11) 62... Nxe4 63. Rxe4 {[%cal
Ge4g4]} Rc3+ 64. Kf4 Kd6 $11 (64... Rg3 65. Kf5 h3 66. Kf6 $18))) 61. Rd2 Rc1
62. g6 Nxe4 63. Kxe4 h3 (63... Rxc4+ 64. Kf5 Rc3 65. g7 Rg3 66. Kf6 $18) 64.
Kf5 Rf1+ 65. Ke6 Rg1 66. Kf7 Rg2 67. Rd3 h2 68. Rh3 Rf2+ 69. Kg8 1-0